000 01189cam a2200337 a 4500
003 CHAP
005 20220329142136.0
008 000107d1997 mx r o00010 spa d
010 _a79134
011 _a80106
020 _a9688173274
035 _a90548
040 _cCHAP
082 0 4 _a350
_bM4
110 _aMéxico. Secretaría de Medio Ambiente, Recursos Naturales y Pesca
_977201
245 1 0 _aReglamento interior
_c/por Secretaría de Medio Ambiente, Recursos Naturales y Pesca
260 _aMéxico, D. F. :
_bSecretaría de Medio Ambiente, Recursos Naturales y Pesca,
_c1997.
300 _a152 p.
590 _aBATCH-UPD
_b10
_c20130110
_lUCH01
_h1237
590 _aBATCH-UPD
_b10
_c20130410
_lUCH01
_h0805
590 _aBATCH-UPD
_b10
_c20130914
_lUCH01
_h1808
590 _aCONVERSION
_b10
_c20130109
_lUCH01
_h1344
650 1 4 _aMedio ambiente.
_974065
650 1 4 _aOficinas gubernamentales
_xReglamentos
_xMéxico.
_982815
650 1 4 _aPolítica ambiental
_xMéxico.
_990426
650 1 4 _aRecursos naturales
_xConservación
_xMéxico.
_995242
901 _aBK
905 _aLilia Sánchez G.
942 _cLIBRO
949 _a350 M4
_bBC
_cC
_d33724000732087
_eC
_h96684
_i90548
_sb
999 _c79134
_d79134